| 000 | 00373nam a2200145Ia 4500 | ||
|---|---|---|---|
| 008 | 230312s9999||||xx |||||||||||||| ||und|| | ||
| 020 | _a81-265-5672-4 | ||
| 082 |
_a621.4021 _bMOR-P |
||
| 100 | _aMoran;Michael.J | ||
| 245 | 0 | _aPrinciples of Engineering Thermodynamics | |
| 260 |
_bWiley _aIndia _c2016 |
||
| 300 | _a867 | ||
| 650 |
_aEngineering _vMechanical |
||
| 942 | _cBK | ||
| 999 |
_c12150 _d12150 |
||